Rediseño de procesos en las operaciones de cosecha, carga y el acarreo de la caña en el Ingenio Taboga S.A
Guardado en:
| Hovedforfatter: | |
|---|---|
| Format: | Bog |
| Udgivet: |
San José, C.R
1996
|
| Fag: | |
| Tags: |
Tilføj Tag
Ingen Tags, Vær først til at tagge denne postø!
|
MARC
| LEADER | 00000nam a2200000Ia 4500 | ||
|---|---|---|---|
| 003 | 007940 | ||
| 005 | 20221231144237.0 | ||
| 008 | 140114s1996 cr a m 000 ||s d | ||
| 040 | |c cru CEDI | ||
| 090 | |a TFG 3495 | ||
| 100 | |a Villalobos Laurent, B. Iván |9 9829 | ||
| 245 | |a Rediseño de procesos en las operaciones de cosecha, carga y el acarreo de la caña en el Ingenio Taboga S.A | ||
| 260 | |c 1996 |a San José, C.R | ||
| 300 | |a 2 volúmenes : ilustraciones | ||
| 500 | |a Proyecto de graduación (licenciatura en ingeniería industrial)--Universidad de Costa Rica. Facultad de Ingeniería. Escuela de Ingeniería Industrial | ||
| 650 | |x INGENIO TABOGA (COSTA RICA) - ADMINISTRACION |x PRODUCTIVIDAD INDUSTRIAL |9 9830 | ||
| 942 | |c TFG | ||
| 999 | |c 18982 |d 18982 | ||
